El Desarrollo económico-social de Costa Rica en el período 1978-1982: perspectivas y recomendaciones

সংরক্ষণ করুন:
গ্রন্থ-পঞ্জীর বিবরন
সংস্থা লেখক: Costa Rica. Oficina de Planificación Nacional y Política Económica
বিন্যাস: পাঠ‍্য
প্রকাশিত: San José: OFIPLAN
ট্যাগগুলো: ট্যাগ যুক্ত করুন
কোনো ট্যাগ নেই, প্রথমজন হিসাবে ট্যাগ করুন!

MARC

LEADER 00000 a a2200000 04500
001 15982
003
040
090 |a 013500  
110 |a Costa Rica. Oficina de Planificación Nacional y Política Económica  
245 |a El Desarrollo económico-social de Costa Rica en el período 1978-1982: perspectivas y recomendaciones  
260 |a San José:   |b OFIPLAN  
300 |a 182 p.  
999 |c 6698  |d 6698